000 00871cam a22001815a 4500
001 L156371
008 120515s1848 xxk f 000 0 eng d
035 _a(Sirsi) u156371
041 0 _aeng
100 1 _aReid, John
245 0 4 _aThe surveyor's and builder's assistant; or, Practical manual of mensuration: shewing, in a clear and easy manner, how to ascertain the dimensions, quantities, and value of every description of builder's work, with instructions for making out specifications and bills of quantities. Illustrated and simplified by numerous coloured plans, sections, and diagrams
_cby John Reid, surveyor
260 _aLondon
_bCunningham
_c[1848]
300 _a193 p. 16 plates (part col.; incl. plans)
_c29 cm.
583 _aCondition reviewed
_c20120620
_lcondition level 4
651 4 _aGreat Britain
_y1707-
690 _aMeasurement
_96256
942 _n0
999 _c114217
_d114217